Seconde _ Histoire-Géo : Connaissances de bases du collège / Lycée - Statistiques

Statistiques générales
  • Ce quiz a été pris 169 fois
  • Le résultat moyen est 12 sur 16
Statistiques - réponses
Par images Réponse % Correct
Afrique
99%
Asie
99%
Europe
99%
Amérique
98%
Océanie
95%
OCEAN PACIFIQUE
94%
OCEAN ATLANTIQUE
89%
OCEAN INDIEN
89%
Antarctique
85%
Moyen-Âge / Epoque médiévale
82%
Préhistoire
77%
Antiquité
70%
OCEAN ARCTIQUE
52%
Epoque contemporaine
47%
Epoque moderne
26%
OCEAN AUSTRAL
13%
Aucun quiz correspondant
Distribution des résultats
% des personnes avec chaque résultat
Percentile par nombre de réponses
Votre historique - résultats
Vous n’avez pas pris ce quiz